[Event "Africa-ch U20 Girls"]
[Site "Tiaret ALG"]
[Date "2014.01.29"]
[Round "6"]
[White "Oussedik, Nassila"]
[Black "Hamlaoui, Asma"]
[Result "0-1"]
[WhiteElo "1611"]
[BlackElo "1630"]
[EventDate "2014.01.25"]
[PlyCount "52"]

1.e4 e6 2.d4 d5 3.Nc3 Nf6 4.Bg5 Be7 5.e5 Nfd7 6.Bxe7 Qxe7 7.f4 a6 8.Nf3 c5
9.Qd2 Nc6 10.dxc5 Nxc5 11.Nd4 Bd7 12.a3 b5 13.Be2 Qh4+ 14.g3 Qe7 15.O-O 
O-O 16.Bf3 Rac8 17.Rae1 Nxd4 18.Qxd4 Na4 19.Nxa4 Rc4 20.Qd3 Rxa4 21.f5 
Qc5+ 22.Kh1 b4 23.axb4 Rxb4 24.Rg1 Rxb2 25.f6 Qxc2 26.Qxa6 Qxh2# 0-1

[Event "Africa-ch U20 Girls"]
[Site "Tiaret ALG"]
[Date "2014.01.29"]
[Round "6"]
[White "Tavares, Domingas"]
[Black "Caxito, Esperanca"]
[Result "0-1"]
[WhiteElo "1506"]
[BlackElo "1705"]
[EventDate "2014.01.25"]
[PlyCount "76"]

1.e4 e5 2.Nf3 d6 3.d4 exd4 4.Nxd4 Nf6 5.Nc3 Be7 6.Be2 Nbd7 7.Nf5 O-O 8.O-O
Nc5 9.Nxe7+ Qxe7 10.f3 Bd7 11.Bg5 c6 12.Bf4 Ne8 13.Qd2 Rd8 14.Rad1 Bc8 15.
Bc4 Ne6 16.Bg3 Qc7 17.Bb3 Nc5 18.Bc4 Qb6 19.Bf2 Qb4 20.Be2 Ne6 21.b3 a6 
22.Na4 Qxd2 23.Rxd2 f5 24.e5 dxe5 25.Rxd8 Nxd8 26.Bc4+ Kh8 27.Bc5 Rf6 28.
Nb6 Ne6 29.Bxe6 Bxe6 30.Re1 Nc7 31.Rxe5 Kg8 32.Kf2 Nb5 33.h3 Nc3 34.Rxe6 
Rxe6 35.Be3 Nd1+ 36.Ke1 Nxe3 37.Kd2 Nxg2 38.Nc4 b5 0-1

[Event "Africa-ch U20 Girls"]
[Site "Tiaret ALG"]
[Date "2014.01.29"]
[Round "7"]
[White "Caxito, Esperanca"]
[Black "Lahmar, Chaima"]
[Result "1-0"]
[WhiteElo "1705"]
[BlackElo "1525"]
[EventDate "2014.01.25"]
[PlyCount "61"]

1.e4 e5 2.Nf3 Nc6 3.Bc4 Bc5 4.O-O Nf6 5.d3 d6 6.h3 Be6 7.Bb5 Qd7 8.Bxc6 
Qxc6 9.c3 O-O-O 10.d4 exd4 11.cxd4 Nxe4 12.dxc5 dxc5 13.Qe2 g5 14.Bxg5 
Nxg5 15.Nxg5 Rhg8 16.h4 h6 17.Nf3 Bh3 18.g3 Bxf1 19.Kxf1 Rde8 20.Qd1 Qb5+ 
21.Kg2 Qxb2 22.Nbd2 Rd8 23.a4 c4 24.Rb1 Qf6 25.Qc2 c3 26.Ne4 Qg6 27.Ne5 
Qh7 28.Rb4 Rge8 29.Nd6+ Rxd6 30.Qxh7 Rxe5 31.Qh8+ 1-0

[Event "Africa-ch U20 Girls"]
[Site "Tiaret ALG"]
[Date "2014.01.29"]
[Round "7"]
[White "De Castro, Neusa Aridas"]
[Black "Lalaoui, Feriel"]
[Result "0-1"]
[WhiteElo "1462"]
[BlackElo "1733"]
[EventDate "2014.01.25"]
[PlyCount "114"]

1.e4 e5 2.Nf3 Nc6 3.Nc3 Bc5 4.Bc4 Nf6 5.d3 d6 6.h3 h6 7.O-O Be6 8.Bxe6 
fxe6 9.Nh2 d5 10.a3 a5 11.Ng4 d4 12.Na2 Qe7 13.Nxf6+ Qxf6 14.f4 O-O 15.Bd2
exf4 16.Rxf4 Qe5 17.Qg4 Bd6 18.Raf1 Kh7 19.g3 Qc5 20.R4f2 Rae8 21.Nc1 Ne5 
22.Qd1 Ng6 23.Nb3 Qe5 24.Qg4 h5 25.Qg5 Rxf2 26.Rxf2 Qxg3+ 27.Qxg3 Bxg3 28.
Rf1 e5 29.Nxa5 b6 30.Nc6 Nf4 31.Bxf4 Bxf4 32.Nxd4 Be3+ 33.Kg2 Bxd4 34.c3 
Be3 35.a4 Kh6 36.b3 Bd2 37.c4 Bb4 38.Rd1 Bc5 39.Rb1 Bb4 40.Rd1 Rd8 41.Kf3 
Rf8+ 42.Kg2 Bc5 43.Rd2 Kg5 44.Rc2 Kf4 45.Rb2 Bb4 46.c5 Bxc5 47.b4 Bd4 48.
Rb3 Ke3 49.a5 bxa5 50.bxa5 h4 51.a6 Rf2+ 52.Kg1 Kf3 53.Rb7 Ra2+ 54.Kh1 
Ra1+ 55.Kh2 Bg1+ 56.Kh1 Bf2+ 57.Kh2 Bg3# 0-1

[Event "Africa-ch U20 Girls"]
[Site "Tiaret ALG"]
[Date "2014.01.29"]
[Round "7"]
[White "Domingos, Maria M"]
[Black "Ait Abbas, Nesrine"]
[Result "0-1"]
[WhiteElo "1477"]
[BlackElo "1420"]
[EventDate "2014.01.25"]
[PlyCount "176"]

1.e4 c6 2.Nf3 d5 3.exd5 cxd5 4.d4 Nc6 5.c3 Bf5 6.Bf4 Nf6 7.Bd3 Bg6 8.Qc2 
e6 9.Nbd2 Be7 10.Ne5 Nxe5 11.Bxe5 Bxd3 12.Qxd3 Qb6 13.O-O O-O 14.Nb3 Nd7 
15.Bg3 Bd6 16.Rfe1 Bxg3 17.Qxg3 a5 18.Qd3 Rac8 19.Rab1 a4 20.Nd2 Qc7 21.
Qb5 Qc6 22.Qd3 b6 23.Rbc1 b5 24.h3 Nb6 25.Kh1 Nc4 26.Qc2 Nxd2 27.Qxd2 Qc4 
28.a3 Qc7 29.Qc2 Qb8 30.b3 axb3 31.Qxb3 Rc4 32.Rb1 Ra4 33.Rec1 Rc8 34.Qa2 
h6 35.Rb3 Rxd4 36.Rcb1 Re4 37.Rxb5 Qe5 38.R5b4 Rxb4 39.Rxb4 Qxc3 40.Rb1 
Rd8 41.a4 Qa5 42.Rb5 Qa6 43.Rb1 d4 44.a5 Ra8 45.Qd2 d3 46.Rb3 Qxa5 47.Qxd3
Qe5 48.Rb1 Qd5 49.Qc2 Rd8 50.Qc7 Qd7 51.Qb6 Qd6 52.Qb3 Qd5 53.Qb2 Qd2 54.
Qb6 Qd6 55.Qa5 Qd3 56.Rb7 Rc8 57.Qb6 Qd8 58.Qb2 Qd6 59.Qa2 Qf4 60.Qb2 Qc1+
61.Qxc1 Rxc1+ 62.Kh2 f6 63.Kg3 Kh7 64.Kf3 Kg6 65.g3 e5 66.Re7 Rc8 67.Ke4 
Rc4+ 68.Ke3 h5 69.Rb7 Ra4 70.Rc7 Ra3+ 71.Ke4 Ra5 72.Re7 f5+ 73.Ke3 Ra6 74.
f3 Kf6 75.Rd7 g5 76.Rd5 f4+ 77.Kf2 fxg3+ 78.Kxg3 Kf5 79.Rc5 Rd6 80.Rc8 h4+
81.Kg2 Rf6 82.Rc4 Rd6 83.Re4 Rd4 84.Re2 Kf4 85.Kf2 Rc4 86.Re3 Rc2+ 87.Re2 
Rxe2+ 88.Kxe2 Kg3 0-1

[Event "Africa-ch U20 Girls"]
[Site "Tiaret ALG"]
[Date "2014.01.29"]
[Round "7"]
[White "Hamlaoui, Asma"]
[Black "Tavares, Domingas"]
[Result "1-0"]
[WhiteElo "1630"]
[BlackElo "1506"]
[EventDate "2014.01.25"]
[PlyCount "65"]

1.e4 c5 2.Nc3 a6 3.f4 d6 4.Nf3 Nc6 5.Bc4 Nf6 6.d3 b5 7.Bb3 Na5 8.O-O Nxb3 
9.axb3 b4 10.Ne2 g6 11.Qe1 Bb7 12.Qg3 Bg7 13.Nh4 Qc8 14.f5 Qb8 15.Nf4 Rg8 
16.fxg6 hxg6 17.Nh3 Bc8 18.Ng5 Nh5 19.Qf3 Nf6 20.h3 Rh8 21.Qg3 Nh5 22.Qe1 
Nf6 23.Rb1 Qc7 24.Nhf3 Bb7 25.Bf4 Nh5 26.Bh2 Qd7 27.Nxf7 Rf8 28.N7g5 Nf6 
29.e5 dxe5 30.Nxe5 Qd5 31.Qe2 Bh6 32.Nxg6 Qxg5 33.Qxe7# 1-0

[Event "Africa-ch U20 Girls"]
[Site "Tiaret ALG"]
[Date "2014.01.29"]
[Round "7"]
[White "Yousfi, Yasmine"]
[Black "Oussedik, Nassila"]
[Result "1/2-1/2"]
[WhiteElo "1621"]
[BlackElo "1611"]
[EventDate "2014.01.25"]
[PlyCount "85"]

1.c4 e5 2.Nc3 f5 3.d4 exd4 4.Qxd4 Nc6 5.Qe3+ Qe7 6.Qg3 d6 7.Nh3 Be6 8.b3 
Nb4 9.Bg5 Qd7 10.Rc1 h6 11.Bd2 g5 12.f4 g4 13.Nf2 Bg7 14.a3 Nc6 15.e4 h5 
16.Bd3 Bd4 17.exf5 Bxf5 18.Bxf5 Qxf5 19.Nd5 O-O-O 20.Bc3 Bxc3+ 21.Qxc3 
Nge7 22.Nxe7+ Nxe7 23.Nd3 Ng6 24.Rf1 Qe4+ 25.Kf2 Nh4 26.Ne1 Qxf4+ 27.Kg1 
Qe4 28.c5 dxc5 29.Qxc5 Qd4+ 30.Qxd4 Rxd4 31.Rf2 Rd7 32.Rf6 Rhd8 33.g3 Nf3+
34.Nxf3 gxf3 35.Rxf3 Rd2 36.Rcf1 Rb2 37.b4 Rdd2 38.Rf8+ Kd7 39.R1f7+ Kc6 
40.Rf3 Rg2+ 41.Kf1 Rxh2 42.R3f6+ Kd7 43.R6f7+ 1/2-1/2

[Event "Africa-ch U20 Girls"]
[Site "Tiaret ALG"]
[Date "2014.01.30"]
[Round "8"]
[White "Ait Abbas, Nesrine"]
[Black "De Castro, Neusa Aridas"]
[Result "1-0"]
[WhiteElo "1420"]
[BlackElo "1462"]
[EventDate "2014.01.25"]
[PlyCount "69"]

1.c4 e5 2.Nc3 Nf6 3.g3 d6 4.Bg2 Be7 5.Nf3 Nbd7 6.d3 c6 7.a3 h6 8.b4 O-O 9.
O-O Nh7 10.Bd2 Ng5 11.Nxg5 Bxg5 12.Bxg5 Qxg5 13.Ne4 Qg6 14.e3 Re8 15.Rc1 
a5 16.b5 cxb5 17.cxb5 Rb8 18.d4 Rd8 19.Qd2 b6 20.Rc6 f6 21.Nxd6 Nf8 22.
Nxc8 Rdxc8 23.dxe5 Rxc6 24.Bxc6 fxe5 25.Qd5+ Qe6 26.Qd3 Qf6 27.Rd1 Rc8 28.
Qb3+ Kh8 29.Qa2 Ne6 30.Rd6 Qf7 31.Qxe6 Qxe6 32.Rxe6 Rd8 33.Kg2 Rd3 34.Bf3 
Rxa3 35.Re8+ 1-0

[Event "Africa-ch U20 Girls"]
[Site "Tiaret ALG"]
[Date "2014.01.30"]
[Round "8"]
[White "Lahmar, Chaima"]
[Black "Hamlaoui, Asma"]
[Result "1/2-1/2"]
[WhiteElo "1525"]
[BlackElo "1630"]
[EventDate "2014.01.25"]
[PlyCount "120"]

1.e4 e6 2.d4 d5 3.exd5 exd5 4.Nf3 Nf6 5.Nc3 Bd6 6.Bg5 c6 7.Bd3 Bg4 8.Qe2+ 
Be7 9.Bxf6 gxf6 10.a3 Bh5 11.g4 Bg6 12.O-O-O O-O 13.h4 Re8 14.h5 Bd6 15.
Qd2 Bxd3 16.Qxd3 Bf4+ 17.Kb1 h6 18.Nh4 Nd7 19.Ne2 Qc7 20.Ng2 Bd6 21.f4 Nb6
22.g5 fxg5 23.fxg5 Qe7 24.g6 f6 25.Ngf4 Qe4 26.Rhf1 Kg7 27.Nc3 Qxd3 28.
Nxd3 Nc4 29.Rh1 Re7 30.Rde1 Rae8 31.Rxe7+ Rxe7 32.Re1 Rxe1+ 33.Nxe1 Ne3 
34.Nf3 Ng4 35.Ne2 Ne3 36.Nh4 f5 37.Kc1 Be7 38.Nf3 Bg5 39.Ne5 Ng4+ 40.Kd1 
Nf6 41.Ng3 f4 42.Nf5+ Kf8 43.g7+ Kg8 44.Ke2 Nxh5 45.Ng4 Nxg7 46.Ngxh6+ Kh7
47.Nxg7 Kxg7 48.Ng4 Kg6 49.Kf3 Kf5 50.Nf2 Be7 51.Nd3 Bd6 52.c3 b6 53.b4 a5
54.bxa5 bxa5 55.a4 Bc7 56.Nc5 Bd6 57.Nb3 Bc7 58.Nc5 Bb6 59.Nd3 Bc7 60.Nc5 
Bb6 1/2-1/2

[Event "Africa-ch U20 Girls"]
[Site "Tiaret ALG"]
[Date "2014.01.30"]
[Round "8"]
[White "Lalaoui, Feriel"]
[Black "Caxito, Esperanca"]
[Result "0-1"]
[WhiteElo "1733"]
[BlackElo "1705"]
[EventDate "2014.01.25"]
[PlyCount "59"]

1.e4 e5 2.Nf3 d6 3.Bc4 Be7 4.d4 exd4 5.Nxd4 Nf6 6.Nc3 Nbd7 7.O-O O-O 8.Nf5
Ne5 9.Nxe7+ Qxe7 10.Bb3 h6 11.Nd5 Nxd5 12.Bxd5 Qh4 13.f4 Ng4 14.h3 Nf6 15.
f5 c6 16.Rf4 Qh5 17.Qe1 g5 18.fxg6 Qxg6 19.Qh4 Nh5 20.Bxf7+ Rxf7 21.Rxf7 
Kxf7 22.Bd2 Be6 23.Rf1+ Kg7 24.Qe7+ Kg8 25.Kh2 Re8 26.Qxb7 Nf6 27.Qxc6 
Nxe4 28.Bb4 Rc8 29.Qa4 Ng3 30.Bc3 0-1

[Event "Africa-ch U20 Girls"]
[Site "Tiaret ALG"]
[Date "2014.01.30"]
[Round "8"]
[White "Oussedik, Nassila"]
[Black "Tavares, Domingas"]
[Result "0-1"]
[WhiteElo "1611"]
[BlackElo "1506"]
[EventDate "2014.01.25"]
[PlyCount "75"]

1.e4 c5 2.Nf3 d6 3.d4 cxd4 4.Nxd4 Nf6 5.Nc3 a6 6.Be2 g6 7.Be3 Bg7 8.Qd2 h5
9.f3 Nc6 10.O-O Qc7 11.h3 Ne5 12.f4 Nc4 13.Bxc4 Qxc4 14.Qd3 Qxd3 15.cxd3 
Bd7 16.Rac1 Bh6 17.Nc2 O-O 18.Nb4 Be6 19.d4 Rac8 20.e5 dxe5 21.dxe5 Nd7 
22.Ncd5 Rcd8 23.Nc7 Rc8 24.Nbd5 Bxd5 25.Nxd5 Rce8 26.Rc7 Rd8 27.Nxe7+ Kh7 
28.Rxb7 Nxe5 29.Bb6 Rb8 30.Rxb8 Rxb8 31.fxe5 Rxb6 32.Rxf7+ Bg7 33.Nd5 Re6 
34.Nc7 Rxe5 35.Nxa6 Re2 36.Rf2 Rxf2 37.Kxf2 Bxb2 38.a4 0-1

[Event "Africa-ch U20 Girls"]
[Site "Tiaret ALG"]
[Date "2014.01.30"]
[Round "8"]
[White "Yousfi, Yasmine"]
[Black "Domingos, Maria M"]
[Result "1-0"]
[WhiteElo "1621"]
[BlackElo "1477"]
[EventDate "2014.01.25"]
[PlyCount "81"]

1.c4 e5 2.Nc3 Nc6 3.g3 Nf6 4.Bg2 b6 5.Nf3 Rb8 6.d3 Bb7 7.O-O d5 8.cxd5 
Nxd5 9.Qa4 Nxc3 10.bxc3 Qd7 11.Rd1 a6 12.Bb2 Bd6 13.d4 b5 14.Qc2 exd4 15.
cxd4 Qe7 16.e3 Na5 17.d5 f6 18.e4 Nc4 19.Bd4 O-O 20.a4 c6 21.Nd2 Nxd2 22.
Qxd2 cxd5 23.exd5 Bc8 24.Re1 Qf7 25.axb5 Rxb5 26.Rac1 Bb7 27.Re6 Ba3 28.
Ra1 Bb4 29.Qa2 Rd8 30.Be3 Bxd5 31.Bxd5 Rbxd5 32.Qxa6 Qd7 33.Rb6 Rd1+ 34.
Rxd1 Qxd1+ 35.Kg2 Qd5+ 36.Kg1 Qf3 37.Qc4+ Kh8 38.Bd4 Qd1+ 39.Kg2 Ba5 40.
Rxf6 h6 41.Rxh6# 1-0

[Event "Africa-ch U20 Girls"]
[Site "Tiaret ALG"]
[Date "2014.01.31"]
[Round "9"]
[White "Caxito, Esperanca"]
[Black "Ait Abbas, Nesrine"]
[Result "1-0"]
[WhiteElo "1705"]
[BlackElo "1420"]
[EventDate "2014.01.25"]
[PlyCount "69"]

1.e4 c6 2.d4 d5 3.e5 Bf5 4.Bd3 Bxd3 5.Qxd3 e6 6.Nf3 Nd7 7.Nbd2 Ne7 8.c4 c5
9.cxd5 Nxd5 10.O-O cxd4 11.Qxd4 Bc5 12.Qg4 O-O 13.Ne4 Kh8 14.Qh3 Be7 15.
Neg5 h6 16.Ne4 Rc8 17.Bxh6 gxh6 18.Qxh6+ Kg8 19.Neg5 Bxg5 20.Nxg5 N7f6 21.
Rad1 Nf4 22.Rxd8 Rcxd8 23.Qxf6 Ng6 24.Nxe6 fxe6 25.Qxg6+ Kh8 26.Qh6+ Kg8 
27.Qxe6+ Kh8 28.f4 Rde8 29.Qh6+ Kg8 30.f5 Rd8 31.f6 Rd7 32.g4 Rh7 33.Qf4 
Rhf7 34.g5 Rd7 35.g6 1-0

[Event "Africa-ch U20 Girls"]
[Site "Tiaret ALG"]
[Date "2014.01.31"]
[Round "9"]
[White "De Castro, Neusa Aridas"]
[Black "Yousfi, Yasmine"]
[Result "1-0"]
[WhiteElo "1462"]
[BlackElo "1621"]
[EventDate "2014.01.25"]
[PlyCount "81"]

1.e4 c6 2.Nf3 d5 3.Nc3 Bg4 4.Be2 Nf6 5.d3 e6 6.a3 Qc7 7.Be3 c5 8.exd5 exd5
9.d4 c4 10.Bg5 Nbd7 11.O-O a6 12.Re1 O-O-O 13.Qd2 Bd6 14.h3 Be6 15.b4 h6 
16.Be3 g5 17.Ne5 Nxe5 18.dxe5 Bxe5 19.Bd4 Bxd4 20.Qxd4 Nh5 21.Bxh5 Qd7 22.
Rab1 Rdg8 23.b5 g4 24.hxg4 Bxg4 25.Bxg4 Qxg4 26.Qxg4+ Rxg4 27.Nxd5 Rg5 28.
Red1 a5 29.Nb6+ Kc7 30.Nxc4 Rhg8 31.g3 h5 32.Kh2 h4 33.Rg1 Rh8 34.g4 Rc5 
35.Ne3 b6 36.a4 Re5 37.c4 Re4 38.Rge1 Rd4 39.Nd5+ Kd8 40.Nxb6 Rd2 41.Rbd1 
1-0

[Event "Africa-ch U20 Girls"]
[Site "Tiaret ALG"]
[Date "2014.01.31"]
[Round "9"]
[White "Domingos, Maria M"]
[Black "Oussedik, Nassila"]
[Result "1-0"]
[WhiteElo "1477"]
[BlackElo "1611"]
[EventDate "2014.01.25"]
[PlyCount "141"]

1.e4 c5 2.c3 Nf6 3.Nf3 Nxe4 4.Be2 d5 5.d3 Nf6 6.d4 cxd4 7.Qxd4 Nc6 8.Bb5 
a6 9.Bxc6+ bxc6 10.Be3 e6 11.O-O Bd6 12.Nbd2 O-O 13.c4 c5 14.Qh4 Nd7 15.
cxd5 Qxh4 16.Nxh4 exd5 17.Nf5 Be5 18.Ne7+ Kh8 19.Nxd5 Bxb2 20.Rab1 Bd4 21.
Bf4 Ne5 22.Nb3 Bf5 23.Rbc1 Nd3 24.Rcd1 Nxf4 25.Nxf4 Bc2 26.Rd2 Bxb3 27.
axb3 Rab8 28.Rd3 Rfd8 29.Kh1 Be5 30.Nd5 h6 31.Rfd1 Bd4 32.Ne7 Rd7 33.Nc6 
Rc8 34.Ne5 Re7 35.Ng4 Rce8 36.Rf1 f5 37.Ne3 f4 38.Nf5 Re1 39.Kg1 Bf6 40.h3
R8e2 41.Nd6 Bd4 42.Rf3 g5 43.Nf5 Kh7 44.Nxd4 cxd4 45.Rd3 Rxf1+ 46.Kxf1 Rb2
47.Rxd4 Rxb3 48.Rd7+ Kg8 49.Rd6 a5 50.Rxh6 Kf7 51.h4 Kg7 52.hxg5 a4 53.Ra6
Ra3 54.f3 Ra1+ 55.Kf2 a3 56.Ke2 Ra2+ 57.Kd3 Rxg2 58.Rxa3 Rxg5 59.Ke4 Rc5 
60.Kxf4 Rc8 61.Ra6 Rc4+ 62.Kg5 Rc5+ 63.Kg4 Rc8 64.f4 Rf8 65.Kg5 Kh8 66.
Rh6+ Kg7 67.Rb6 Kh8 68.f5 Kg7 69.f6+ Kf7 70.Kf5 Kg8 71.Kg6 1-0

[Event "Africa-ch U20 Girls"]
[Site "Tiaret ALG"]
[Date "2014.01.31"]
[Round "9"]
[White "Hamlaoui, Asma"]
[Black "Lalaoui, Feriel"]
[Result "0-1"]
[WhiteElo "1630"]
[BlackElo "1733"]
[EventDate "2014.01.25"]
[PlyCount "102"]

1.e4 e5 2.Nf3 Nc6 3.Bb5 a6 4.Ba4 Nf6 5.O-O Be7 6.Re1 b5 7.Bb3 d6 8.h3 O-O 
9.c3 Na5 10.Bc2 c5 11.d4 Qc7 12.Nbd2 cxd4 13.cxd4 Nc6 14.d5 Nb4 15.Bb3 a5 
16.a3 Nd3 17.Re3 Nc5 18.Rc3 Bd7 19.Qe2 b4 20.Rc2 Qb6 21.Bc4 Rfc8 22.b3 a4 
23.axb4 Nxb3 24.Bxb3 axb3 25.Rxc8+ Rxc8 26.Nxb3 Qxb4 27.Nfd2 g6 28.Ba3 Qb6
29.Kh2 Rc3 30.Rb1 Bb5 31.Qe1 Bd3 32.Rb2 Nh5 33.Nc5 Qa7 34.Nxd3 Rxd3 35.Bb4
Bg5 36.Bxd6 Bf4+ 37.Kg1 h6 38.Nf3 Qa4 39.Rb1 Qc2 40.Bxe5 Bxe5 41.Nxe5 Rd2 
42.Kf1 Nf4 43.Rc1 Rxf2+ 44.Qxf2 Qxc1+ 45.Qe1 Qb2 46.Qg3 Qxe5 47.Qf3 Qa1+ 
48.Kf2 Qb2+ 49.Kg3 Ne2+ 50.Kh2 Qe5+ 51.Kh1 Qa1+ 0-1

[Event "Africa-ch U20 Girls"]
[Site "Tiaret ALG"]
[Date "2014.01.31"]
[Round "9"]
[White "Tavares, Domingas"]
[Black "Lahmar, Chaima"]
[Result "1-0"]
[WhiteElo "1506"]
[BlackElo "1525"]
[EventDate "2014.01.25"]
[PlyCount "94"]

1.e4 d5 2.exd5 Qxd5 3.Nc3 Qd6 4.Nf3 Bg4 5.Be2 c6 6.d4 Nf6 7.Be3 g6 8.h3 
Bxf3 9.Bxf3 Bg7 10.d5 Nxd5 11.Nxd5 cxd5 12.Bxd5 Nc6 13.c3 O-O 14.O-O Rfd8 
15.Bc4 Qc7 16.Qe2 Na5 17.Bd3 e5 18.Rad1 Nc6 19.Bb1 a6 20.Rxd8+ Rxd8 21.Rd1
Rxd1+ 22.Qxd1 Ne7 23.g4 h6 24.a3 Kh7 25.Qf3 Nc6 26.Ba2 f6 27.Bb1 Ne7 28.h4
Kg8 29.Ba2+ Kh7 30.h5 g5 31.Qe4+ Kh8 32.Kg2 Qc6 33.Qxc6 Nxc6 34.Bf7 Nd8 
35.Bd5 Bf8 36.Bb6 Nc6 37.Bf3 Be7 38.Be4 Bd8 39.Bxc6 Bxb6 40.Bxb7 a5 41.f3 
Kg7 42.a4 Kf7 43.b4 axb4 44.cxb4 Ke6 45.a5 Bd4 46.b5 Kd6 47.Bc6 Kc7 1-0